Ekonomika a životní prostředí

Enregistré dans:
Détails bibliographiques
Format: Livre
Langue:tchèque
Publié: Praha VŠE 1991
Édition:1. vyd.
Tags: Ajouter un tag
Pas de tags, Soyez le premier à ajouter un tag!

MARC

LEADER 00000nam a2200000 4500
001 c032456
005 20221214093515.6
041 0 |a cze 
044 |a CZ 
245 1 0 |a Ekonomika a životní prostředí 
250 |a 1. vyd. 
264 1 |a Praha  |b VŠE  |c 1991 
300 |a 118 s.